| 000 | 00800nam a22002057a 4500 | ||
|---|---|---|---|
| 999 |
_c18544 _d18544 |
||
| 003 | AR-CdUCM | ||
| 008 | 190514b ||||| |||| 00| 0 spa d | ||
| 040 |
_aMUNICIPALIDAD PROVINCIAL DEL CUSCO _cBIBLIOTECA MUNICIPAL DEL CUSCO |
||
| 082 |
_a373.39 / _bM16 |
||
| 100 |
_aMagaña Ávila, Ruben _939190 |
||
| 245 |
_aLos programas y la didáctica de la historia en las escuelas secundarias : _bGuía metodológica para los maestros / |
||
| 260 |
_aMéxico : _bF. Trillas, _c1966. |
||
| 300 |
_a188 páginas ; _c23 cm. |
||
| 505 | _aContenido : La razón de la enseñanza de la historia -- Historia de la humanidad -- El programa 20 ... | ||
| 650 |
_aGuía metodológica _939191 |
||
| 650 |
_aHistoria _9136 |
||
| 650 |
_aEscuela secundaria _939192 |
||
| 942 |
_2ddc _cLIBROS |
||
| 945 |
_arah _d2019/05/14 |
||